000 00758nam a2200193Ii 4500
003 JO-AjNU
008 230605s9999||||xx |||||||||||||| ||und||
040 _aJO-AjNU
_bara
_erda
_cJO-AjNU
041 _aara
050 1 4 _aHQ1726.5 .S5232 1985
100 3 _aتأليف السباعي، بدر الدين,
_eauthor
_936079
245 0 0 _aمشكلة المراة : العامل التاريخي
264 3 1 _aدمشق، بيروت: دار الجماهير الشعبية، دار الفارابي، 1985
300 _a391ص
_bيحتوي ببلوغرافية من ص 385-391ص
336 _atext
_btxt
_2rdacontent
337 _aunmediated
_bn
_2rdamedia
338 _avolume
_bnc
_2rdacarrier
650 4 _aالمرأة في الحياة العامة 
_936080
999 _aA14957
_c18525
_d18525